000 00554nam a2200217Ia 4500
003 OSt
005 20220928151756.0
006 a|||||r|||| 00| 0
007 ta
008 220927b |||||||| |||| 00| 0 eng d
024 _a131404
037 _cTextual
040 _aSDCL
_cSDCL
_beng
041 _2eng
_aeng
082 _aO-,1M79:g(Q), L4
100 _aMorris Adalaid Kirby
_9518255
245 0 _aImagination and faith
260 _c1974
942 _hO-,1M79:g(Q), L4
_cTEXL
_2CC
999 _c853044
_d853044